Hack the Quiz #5 - Statistics

General Stats
  • This quiz has been taken 744 times
  • The average score is 26 of 32
Answer Stats
Cipher Word % Correct
32 What
92%
37 is
92%
47 Easy?
92%
56 the
92%
13 What
90%
26 is
90%
40 what
90%
57 is
89%
78 called
89%
98 pilgrimage?
89%
14 Hajj
88%
39 the
88%
10 African
87%
42 second
87%
52 country?
87%
59 city
87%
74 The
87%
83 populous
87%
86 is
87%
02 city?
86%
30 most
86%
82 Big
86%
79 What
82%
80 most
82%
05 populous
81%
55 To
81%
60 Russia’s
71%
66 city
70%
Nigeria
59%
Mecca
58%
St. Petersburg
50%
New Orleans
32%
No matching quizzes found
Score Distribution
Percent of People with Each Score
Percentile by Number Answered
Your Score History
You have not taken this quiz